Identifying and managing project risk : (Record no. 5447)

MARC details
000 -LEADER
fixed length control field 01086cam a22001694a 4500
020 ## - INTERNATIONAL STANDARD BOOK NUMBER
ISBN 0814407617
050 00 - CALL NUMBER
Classification number HD61
Item number .K46
100 1# - AUTHOR
Personal name Kendrick, Tom.
245 10 - TITLE
Title Identifying and managing project risk :
Remainder of title essential tools for failure-proofing your project /
Statement of responsibility, etc Tom Kendrick.
260 ## - PUBLICATION INFORMATION
Place of publication New York :
Name of publisher AMACOM,
Year of publication c2003.
300 ## - DESCRIPTION
Number of Pages xiv, 354 p. :
Other physical details ill. ;
Dimensions 24 cm.
500 ## - NOTES
General note Includes index
505 ## - FORMATTED CONTENTS NOTE
Table of Content Ch. 1. Why Project Risk Management? --<br/>Ch. 2. Planning for Risk Management --<br/>Ch. 3. Identifying Project Scope Risk --<br/>Ch. 4. Identifying Project Schedule Risk --<br/>Ch. 5. Identifying Project Resource Risk --<br/>Ch. 6. Managing Project Constraints and Documenting Risks --<br/>Ch. 7. Quantifying and Analyzing Activity Risks --<br/>Ch. 8. Managing Activity Risks --<br/>Ch. 9. Quantifying and Analyzing Project Risk --<br/>Ch. 10. Managing Project Risk --<br/>Ch. 11. Monitoring and Controlling Risky Projects --<br/>Ch. 12. Closing Projects --<br/>Ch. 13. Conclusion --<br/>App.: Selected Detail from the PERIL Database.
650 #0 - SUBJECTS
Topical Term Risk management.
650 #0 - SUBJECTS
Topical Term Project management.
942 ## - ADDED ENTRY ELEMENTS (KOHA)
Koha item type Books
Holdings
Withdrawn status Lost status Collection code Home library Current library Shelving location Date acquired Full call number Accession Number Koha item type
    Reference Methodist University Library Main Methodist University Library Main General Stacks 25/03/2010 HD61 .K46 30760 Books
Copyright © 2026  MUG Library